Architecture follows nature-biomimetic principles for innovative design / (Record no. 353901)

000 -LEADER
fixed length control field 02126nam a2200253 a 4500
001 - CONTROL NUMBER
control field ASIN1466506075
003 - CONTROL NUMBER IDENTIFIER
control field OSt
005 - DATE AND TIME OF LATEST TRANSACTION
control field 20180116192421.0
008 - FIXED-LENGTH DATA ELEMENTS--GENERAL INFORMATION
fixed length control field 140227s2013 xxu eng d
020 ## - INTERNATIONAL STANDARD BOOK NUMBER
International Standard Book Number 1466506075 (hardcover)
Terms of availability $99.95
020 ## - INTERNATIONAL STANDARD BOOK NUMBER
International Standard Book Number 9781466506077 (hardcover)
040 ## - CATALOGING SOURCE
Transcribing agency sada
082 ## - DEWEY DECIMAL CLASSIFICATION NUMBER
Classification number 729
Author Mark MAZ 2013
100 1# - MAIN ENTRY--PERSONAL NAME
Personal name Mazzoleni, Ilaria.
9 (RLIN) 7353
245 10 - TITLE STATEMENT
Title Architecture follows nature-biomimetic principles for innovative design /
Statement of responsibility, etc. Ilaria Mazzoleni.
250 ## - EDITION STATEMENT
Edition statement 0th ed.
260 ## - PUBLICATION, DISTRIBUTION, ETC.
Place of publication, distribution, etc. [S.l.] :
Name of publisher, distributor, etc. CRC Press,
Date of publication, distribution, etc. 2013.
300 ## - PHYSICAL DESCRIPTION
Extent 264 p. ;
Dimensions 24 cm.
490 1# - SERIES STATEMENT
Series statement Biomimetics.
520 ## - SUMMARY, ETC.
Summary, etc. Applying Properties of Animals Skins to Inspire Architectural Envelopes Biology influences design projects in many ways; the related discipline is known as biomimetics or biomimicry. Using the animal kingdom as a source of inspiration, Ilaria Mazzoleni seeks to instill a shift in thinking about the application of biological principles to design and architecture. She focuses on the analysis of how organisms have adapted to different environments and translates the learned principles into the built environment. To illustrate the methodology, Mazzoleni draws inspiration from the diversity of animal coverings, referred to broadly as skin, and applies them to the design of building envelopes through a series of twelve case studies. Skin is a complex organ that performs a multitude of functions; namely, it serves as a link between the body and the environment. Similarly, building envelopes act as interfaces between their inhabitants and external elements. The resulting architectural designs illustrate an integrative methodology that allows architecture to follow nature. "Ilaria Mazzoleni, in collaboration with biologist Shauna Price, has developed a profound methodology for architectural and design incentives that anticipates and proposes novel ways to explore undiscovered biological inspirations for various audiences." —Yoseph Bar-Cohen.
830 #0 - SERIES ADDED ENTRY--UNIFORM TITLE
Uniform title Biomimetics.
9 (RLIN) 7354
856 40 - ELECTRONIC LOCATION AND ACCESS
Materials specified Amazon.com
Uniform Resource Identifier <a href="http://www.amazon.com/exec/obidos/ASIN/1466506075/chopaconline-20">http://www.amazon.com/exec/obidos/ASIN/1466506075/chopaconline-20</a>
942 ## - ADDED ENTRY ELEMENTS (KOHA)
Source of classification or shelving scheme
Koha item type Book
Holdings
Withdrawn status Lost status Source of classification or shelving scheme Damaged status Not for loan Permanent Location Current Location Date acquired Total Checkouts Total Renewals Full call number Barcode Date last seen Date last checked out Cost, replacement price Price effective from Koha item type
          School of Art Design and Architecture (SADA) School of Art Design and Architecture (SADA) 02/25/2014 8 3 729 MAZ 2013 SADA0002246 05/11/2016 04/18/2016 7220.12 02/28/2014 Book
© 2023 Central Library, National University of Sciences and Technology. All Rights Reserved.